Plus grand et plus petit Pays par lettre - Statistiques

Statistiques générales
  • Ce quiz a été pris 167 fois
  • Le résultat moyen est 30 sur 46
Statistiques - réponses
Réponse % Correct
Canada
92%
Brésil
90%
Australie
86%
Etats-Unis
85%
France
85%
Russie
85%
Yémen
84%
Inde
82%
Kazakhstan
81%
Qatar
81%
Zambie
81%
Danemark
80%
Zimbabwe
80%
Japon
77%
Vatican
77%
Venezuela
74%
Antigua-et-Barbuda
73%
Fidji
73%
Monaco
73%
Barbade
71%
Kiribati
69%
Liechtenstein
69%
Mexique
69%
Jamaïque
65%
Nauru
65%
Uruguay
65%
Ukraine
62%
Haïti
60%
Honduras
59%
Ouzbékistan
59%
Palaos
58%
Tuvalu
57%
Dominique
55%
Rwanda
55%
Saint-Marin
55%
Grenade
52%
Niger
50%
Comores
48%
Ouganda
48%
Pérou
46%
Gabon
45%
Soudan
43%
Eswatini
38%
Libye
37%
Israël
35%
Tchad
35%
Aucun quiz correspondant
Distribution des résultats
% des personnes avec chaque résultat
Percentile par nombre de réponses
Votre historique - résultats
Vous n’avez pas pris ce quiz